000 00528nam a2200181Ia 4500
008 090123s9999 xx 000 0 und d
082 _b14783
100 _aमिरासदार द.मा.
245 _aमाकडमेवा
250 _a1
260 _bसुवर्ण प्रकाशन
300 _a148
600 _aमिरासदार द.मा.
630 _aमाकडमेवा
700 _aमिरासदार द.मा.
730 _aमाकडमेवा
942 _cBOOK
999 _c52844
_d52844